Advanced dynamics (Record no. 756)

MARC details
000 -LEADER
fixed length control field 00476nam a2200169Ia 4500
003 - CONTROL NUMBER IDENTIFIER
control field IN-BaIIA
008 - FIXED-LENGTH DATA ELEMENTS--GENERAL INFORMATION
fixed length control field 211028s9999 xx 000 0 eng d
040 ## - CATALOGING SOURCE
Transcribing agency IIA Library
080 ## - UNIVERSAL DECIMAL CLASSIFICATION NUMBER
Universal Decimal Classification number 531.3
Item number TIM
100 ## - MAIN ENTRY--PERSONAL NAME
Personal name Timoshenko, S.
9 (RLIN) 1623
245 #0 - TITLE STATEMENT
Title Advanced dynamics
Statement of responsibility, etc. S. Timoshenko and D. H. Young
260 ## - PUBLICATION, DISTRIBUTION, ETC.
Place of publication, distribution, etc. New York
Name of publisher, distributor, etc. McGraw-Hill
Date of publication, distribution, etc. 1948
300 ## - PHYSICAL DESCRIPTION
Extent xii, 400p.
650 ## - SUBJECT ADDED ENTRY--TOPICAL TERM
Topical term or geographic name entry element Dynamics
9 (RLIN) 1519
700 ## - ADDED ENTRY--PERSONAL NAME
Personal name Young, D. H.
9 (RLIN) 1624
942 ## - ADDED ENTRY ELEMENTS (KOHA)
Koha item type Books
Holdings
Withdrawn status Lost status Damaged status Not for loan Home library Current library Shelving location Date acquired Cost, normal purchase price Total Checkouts Full call number Barcode Date last seen Cost, replacement price Price effective from Koha item type Purchase Price
        IIA Library-Bangalore IIA Library-Bangalore General Stacks   27.50   531.3/ TIM 780 05/11/2021 27.50   Books Rs. 27.50

Powered by Koha